[Event "Titled Tuesday intern op 26th Nov Late"]
[Site "Chess.com INT"]
[Date "2024.11.26"]
[Round "3"]
[White "Sampath, Aja"]
[Black "Zepeda Berlanga, Jan Enrique"]
[Result "1-0"]
[WhiteElo "1961"]
[BlackElo "1856"]
[PlyCount "49"]
[EventDate "2024.11.26"]
[EventType "swiss (blitz)"]
[EventRounds "11"]
[EventCountry "USA"]
[SourceTitle "CB49_2024"]
[SourceDate "2024.12.04"]
[SourceVersion "1"]
[SourceVersionDate "2024.12.04"]
[SourceQuality "1"]

1. e4 e5 2. Nf3 Nc6 3. d4 exd4 4. Bc4 Bb4+ 5. c3 Ba5 6. 0-0 Nge7 7. cxd4 d6 8. Ng5 d5 9. exd5 Nxd5 10. Nc3 Bxc3 11. bxc3 0-0 12. Qf3 Nf6 13. Ba3 h6 14. Bxf8 hxg5 15. Ba3 Bg4 16. Qd3 Qd7 17. Rae1 Bf5 18. Qd2 Ne4 19. Qb2 Re8 20. Bd3 g4 21. Qc2 Qd5 22. f3 gxf3 23. Rxf3 Ng5 24. Rxe8+ Kh7 25. Bxf5+ 1-0

[Event "Titled Tuesday intern op 26th Nov Late"]
[Site "Chess.com INT"]
[Date "2024.11.26"]
[Round "1"]
[White "Timmermans, Mark"]
[Black "Sampath, Aja"]
[Result "1-0"]
[WhiteElo "2401"]
[BlackElo "1961"]
[PlyCount "97"]
[EventDate "2024.11.26"]
[EventType "swiss (blitz)"]
[EventRounds "11"]
[EventCountry "USA"]
[SourceTitle "CB49_2024"]
[SourceDate "2024.12.04"]
[SourceVersion "1"]
[SourceVersionDate "2024.12.04"]
[SourceQuality "1"]

1. b4 e5 2. Bb2 Bxb4 3. Bxe5 Nf6 4. Nc3 0-0 5. Bxf6 Qxf6 6. Nd5 Qd6 7. c4 c6 8. Nxb4 Qxb4 9. e3 d5 10. cxd5 cxd5 11. Nf3 Nc6 12. Bd3 h6 13. 0-0 d4 14. Rb1 Qd6 15. Be4 dxe3 16. dxe3 Qc7 17. Qb3 Rb8 18. Rfc1 Be6 19. Qa4 Qd6 20. Bxc6 bxc6 21. Rxb8 Rxb8 22. Qxa7 Rb2 23. Qa8+ Kh7 24. h3 Bd5 25. Rd1 Qg6 26. Rxd5 cxd5 27. Qxd5 Qb1+ 28. Kh2 Qxa2 29. Qf5+ Kg8 30. Qc8+ Kh7 31. Qf5+ g6 32. Qd7 Rxf2 33. Nh4 Qb2 34. Qe7 Qf6 35. Qe4 Qd6+ 36. Kg1 Rd2 37. Nf3 Rd1+ 38. Kf2 Ra1 39. h4 Qd1 40. h5 Ra2+ 41. Kg3 Qd6+ 42. Ne5 Qe6 43. hxg6+ fxg6 44. Qb7+ Kh8 45. Qb8+ Kg7 46. Qc7+ Kf6 47. Ng4+ Kg5 48. Qf4+ Kh5 49. Qxh6# 1-0

[Event "PNWCC Online Masters Artist Point"]
[Site "Chess.com INT"]
[Date "2020.09.05"]
[Round "3"]
[White "Sampath, Aja"]
[Black "Vivekananthan, Anish"]
[Result "0-1"]
[WhiteElo "1981"]
[BlackElo "2239"]
[PlyCount "74"]
[EventDate "2020.09.05"]
[EventType "swiss"]
[EventRounds "9"]
[EventCountry "USA"]
[SourceTitle "CBM 198 Extra"]
[Source "ChessBase"]
[SourceDate "2020.11.30"]
[SourceVersion "1"]
[SourceVersionDate "2020.11.30"]
[SourceQuality "1"]

1. e4 a6 2. d4 b5 3. Bd3 Bb7 4. Be3 Nf6 5. Nd2 e6 6. f4 d6 7. h3 c5 8. c3 Nc6 9. Ngf3 Be7 10. Qe2 Rc8 11. a3 0-0 12. 0-0 Qb6 13. g4 Nd7 14. Kh2 Qc7 15. g5 Rce8 16. Rg1 Bd8 17. Nh4 Ne7 18. Qg4 Nb6 19. Nf1 cxd4 20. cxd4 Nc4 21. Bc1 Qb6 22. Bxc4 bxc4 23. Qe2 Qxd4 24. Ng3 Bb6 25. Nf3 Qd3 26. Rg2 Qxe2 27. Rxe2 d5 28. Bd2 Rc8 29. Bb4 Rfe8 30. Ne5 Nc6 31. Nxc6 Bxc6 32. Rd1 d4 33. Be1 d3 34. Rg2 Be3 35. Bd2 Bd4 36. Be1 Rb8 37. Rdd2 Be3 0-1

[Event "PNWCC Online Masters WOO"]
[Site "Chess.com INT"]
[Date "2020.07.06"]
[Round "9"]
[White "Sampath, Aja"]
[Black "Free, Graham"]
[Result "1/2-1/2"]
[WhiteElo "1981"]
[BlackElo "2138"]
[PlyCount "75"]
[EventDate "2020.07.04"]
[EventType "swiss (rapid)"]
[EventRounds "9"]
[EventCountry "USA"]
[SourceTitle "CBM 197 Extra"]
[Source "ChessBase"]
[SourceDate "2020.09.30"]
[SourceVersion "1"]
[SourceVersionDate "2020.09.30"]
[SourceQuality "1"]

1. e4 e5 2. Nf3 Nc6 3. d4 exd4 4. Bc4 Nf6 5. e5 Ne4 6. Qe2 Nc5 7. c3 d3 8. Qe3 Be7 9. 0-0 d6 10. exd6 cxd6 11. b4 Be6 12. Nbd2 Bxc4 13. Nxc4 Ne6 14. Qxd3 d5 15. Nce5 Nxe5 16. Nxe5 0-0 17. Nf3 Qc7 18. Be3 Bf6 19. Rac1 Qc4 20. Rfd1 Qxa2 21. Qxd5 Qxd5 22. Rxd5 a6 23. Nd4 Rfd8 24. Rxd8+ Rxd8 25. Nxe6 fxe6 26. c4 Rd3 27. b5 axb5 28. cxb5 Rb3 29. b6 Bd8 30. g3 Kf7 31. Rd1 Ke8 32. Rd6 Ke7 33. Bc5 Rb5 34. Ba3 Ra5 35. Bb4 Rb5 36. Ba3 Ra5 37. Bb4 Rb5 38. Ba3 1/2-1/2

[Event "PNWCC Online Masters WOO"]
[Site "Chess.com INT"]
[Date "2020.07.05"]
[Round "4.32"]
[White "Estrada Nieto, Julian"]
[Black "Sampath, Aja"]
[Result "0-1"]
[WhiteElo "2280"]
[BlackElo "1981"]
[PlyCount "93"]
[EventDate "2020.07.04"]
[EventType "swiss (rapid)"]
[EventRounds "9"]
[EventCountry "USA"]
[SourceTitle "CBM 197 Extra"]
[Source "ChessBase"]
[SourceDate "2020.09.30"]
[SourceVersion "1"]
[SourceVersionDate "2020.09.30"]
[SourceQuality "1"]

1. e4 c5 2. Nf3 g6 3. c3 Bg7 4. d4 cxd4 5. cxd4 d5 6. e5 Bg4 7. Bb5+ Nc6 8. Bxc6+ bxc6 9. Nbd2 e6 10. 0-0 Ne7 11. h3 Bxf3 12. Nxf3 0-0 13. b3 Re8 14. g4 c5 15. dxc5 Qc7 16. Bf4 a5 17. Qd2 Nc6 18. Rfe1 Reb8 19. Rab1 Rb5 20. Qe3 Rab8 21. Bh6 Nb4 22. Bxg7 Kxg7 23. Nd4 Rxc5 24. Rbc1 Nc2 25. Nxc2 Rxc2 26. Rxc2 Qxc2 27. Rc1 Qxa2 28. Qg5 Qxb3 29. Qf6+ Kg8 30. Rc7 Rf8 31. Kg2 Qd1 32. Rd7 Qd4 33. Rd8 Qb4 34. Kg3 a4 35. h4 Rxd8 36. Qxd8+ Qf8 37. Qa5 Qe8 38. Kf4 h6 39. Qa7 Kg7 40. f3 Qc6 41. Kg3 Qc3 42. Kf4 a3 43. Qe7 Qd4+ 44. Kg3 Qxe5+ 45. Kg2 Qb2+ 46. Kg3 a2 47. g5 0-1

[Event "PNWCC Online Masters WOO"]
[Site "Chess.com INT"]
[Date "2020.07.05"]
[Round "5.25"]
[White "Sampath, Aja"]
[Black "Yang, Kaiqi"]
[Result "0-1"]
[WhiteElo "1981"]
[BlackElo "2481"]
[PlyCount "74"]
[EventDate "2020.07.04"]
[EventType "swiss (rapid)"]
[EventRounds "9"]
[EventCountry "USA"]
[SourceTitle "CBM 197 Extra"]
[Source "ChessBase"]
[SourceDate "2020.09.30"]
[SourceVersion "1"]
[SourceVersionDate "2020.09.30"]
[SourceQuality "1"]

1. e4 e5 2. Nf3 Nc6 3. d4 exd4 4. Bc4 Nf6 5. e5 d5 6. Bb5 Ne4 7. Nxd4 Bd7 8. Bxc6 bxc6 9. 0-0 Bc5 10. f3 Ng5 11. f4 Ne4 12. Be3 Bb6 13. Nc3 Nxc3 14. bxc3 Qe7 15. Qd2 0-0 16. Rae1 f5 17. Qf2 c5 18. Nb3 Bb5 19. Nxc5 Bxf1 20. Kxf1 Rfe8 21. Kg1 Bxc5 22. Bxc5 Qe6 23. Qd4 a6 24. Rd1 Red8 25. a4 Rab8 26. Bb4 Qc6 27. a5 Qc4 28. Qf2 d4 29. Qe1 c5 30. Ba3 dxc3 31. Rxd8+ Rxd8 32. Bc1 Qe4 33. Qxe4 fxe4 34. Be3 Rd2 35. Bxc5 Rxc2 36. e6 Ra2 37. e7 Kf7 0-1

[Event "PNWCC Online Masters WOO"]
[Site "Chess.com INT"]
[Date "2020.07.04"]
[Round "3.37"]
[White "Sampath, Aja"]
[Black "Tarjan, James Edward"]
[Result "1-0"]
[WhiteElo "1981"]
[BlackElo "2381"]
[PlyCount "63"]
[EventDate "2020.07.04"]
[EventType "swiss (rapid)"]
[EventRounds "9"]
[EventCountry "USA"]
[SourceTitle "CBM 197 Extra"]
[Source "ChessBase"]
[SourceDate "2020.09.30"]
[SourceVersion "1"]
[SourceVersionDate "2020.09.30"]
[SourceQuality "1"]

1. e4 c6 2. d4 d5 3. exd5 cxd5 4. Bd3 Nc6 5. c3 Qc7 6. h3 g6 7. Nf3 Bg7 8. 0-0 Nf6 9. Re1 0-0 10. Na3 b6 11. Nb5 Qd8 12. Bf4 a6 13. Na3 Bb7 14. Nc2 e6 15. Ne3 Re8 16. Qd2 Nh5 17. Ng4 Nxf4 18. Qxf4 Qe7 19. Re3 Rf8 20. Rae1 b5 21. Nfe5 Nxe5 22. dxe5 Rad8 23. Nf6+ Kh8 24. Qh4 h6 25. Rg3 d4 26. Bxg6 dxc3 27. Bh7 Qc5 28. Rxg7 Kxg7 29. Bc2 Rfe8 30. Re3 Rd4 31. Rg3+ Kf8 32. Nh7# 1-0